| 000 | 01090nas a2200361 4500 | ||
|---|---|---|---|
| 001 | BR0604496 | ||
| 003 | BR-BrBNA | ||
| 005 | 20231205110421.0 | ||
| 007 | ta | ||
| 008 | 230509b bl.|||p| |||| 00| 00por d | ||
| 040 |
_aBR-BrBNA _bpor _cBiblioteca Nacional de Agricultura |
||
| 041 | _a(Pt) | ||
| 072 | _aL51 | ||
| 100 | 1 | _aRego, F.C. de A. | |
| 100 | 1 | _aDamasceno, J.C. | |
| 100 | 1 | _aFukumoto, N.M. | |
| 100 | 1 | _aCôrtes, C. | |
| 100 | 1 | _aHoeshi, L. | |
| 100 | 1 | _aMartins, E.N. | |
| 100 | 1 | _aCecato, U. | |
| 245 | 1 | _aComportamento ingestivo de novilhos mestiços em pastagens tropicais manejadas em diferentes alturas | |
| 650 | _aGADO MESTIÇO | ||
| 650 | _aNOVILHO | ||
| 650 | _aBRACHIARIA BRIZANTHA | ||
| 650 | _aPANICUM MAXIMUM | ||
| 650 | _aCAPIM COLONIÃO | ||
| 650 | _aINGESTÃO | ||
| 650 | _aCOMPORTAMENTO ANIMAL | ||
| 650 | _aPASTAGEM CONSORCIADA | ||
| 773 | 0 |
_tRevista Brasileira de Zootecnia (Brazil) _xISSN 1516-3598 _g(Jul-Aug 2006), v. 35(4)Suplemento p. 1611-1620 _wBR0604496 |
|
| 909 |
_a202311 _bLúcia _c55 _dLúcia Elande |
||
| 942 |
_2AGRIS _n0 _cANA |
||
| 999 |
_c187306 _d187306 |
||